Central Library OPAC University of Rajshahi

Stochastic processes and statistical inference / (Record no. 53091)

MARC details
000 -LEADER
fixed length control field 00780nam a2200253 a 4500
001 - CONTROL NUMBER
control field 53091
003 - CONTROL NUMBER IDENTIFIER
rucl marc code BD-RjUL
005 - DATE AND TIME OF LATEST TRANSACTION
control field 20211209075916.0
008 - FIXED-LENGTH DATA ELEMENTS--GENERAL INFORMATION
fixed length control field 161003s1996 ii a b 001 0 eng
020 ## - INTERNATIONAL STANDARD BOOK NUMBER
International Standard Book Number 8122408362
035 ## - SYSTEM CONTROL NUMBER
System control number (BD-RjUL)53211
040 ## - CATALOGING SOURCE
Original cataloging agency DLC
Transcribing agency DLC
Modifying agency DLC
-- BD-RjUL
Language of cataloging eng
041 ## - LANGUAGE CODE
Language code of text/sound track or separate title eng
082 00 - DEWEY DECIMAL CLASSIFICATION NUMBER
Classification number 519.23
Edition number 23
Author mark and year STO 1996
245 10 - TITLE STATEMENT
Title Stochastic processes and statistical inference /
Statement of responsibility, etc. Editors, B. L. S. Prakasa Rao and B. R. Bhat
260 ## - PUBLICATION, DISTRIBUTION, ETC. (IMPRINT)
Place of publication, distribution, etc. New Delhi :
Name of publisher, distributor, etc. New age international limited,
Date of publication, distribution, etc. 1996
300 ## - PHYSICAL DESCRIPTION
Pagination 163 p. :
Illustrations ill. ;
Size 24 cm.
500 ## - GENERAL NOTE
General note Includes index.
650 #0 - SUBJECT ADDED ENTRY--TOPICAL TERM
Topical term or geographic name as entry element Stochastic processes.
9 (RLIN) 7647
Topical term or geographic name as entry element Mathematical statistics.
9 (RLIN) 20418
700 ## - ADDED ENTRY--PERSONAL NAME
Personal name Rao, B. L. S. Prakasa
Personal name Bhat, B. R.
942 ## - ADDED ENTRY ELEMENTS (KOHA)
Source of classification or shelving scheme Dewey Decimal Classification
Koha item type Books
Holdings
Lost status Source of classification or shelving scheme Damaged status Not for loan Collection code Permanent Location Current Location Shelving location Date acquired Source of acquisition Cost, normal purchase price Total Checkouts Full call number Date last seen Copy number Koha item type
  Dewey Decimal Classification     Non-fiction Central Library, University of Rajshahi Central Library, University of Rajshahi   30/03/1998 Ahsania mission, Dhaka. 48.00   519.23 STO 1996 03/10/2016 C-2 Books